000 00616nam a22001817a 4500
008 240828b |||||||| |||| 00| 0 eng d
040 _aDE-2950
_cDE-2950
041 _ager
245 _aDeutsche Turn-Zeitung :
_bBlätter für die Angelegenheiten des gesammten Turnwesens /
_cherausgegeben von Ferdinand Goetz
260 _aLeipzig:
_bErnst Keil,
_c1863-
300 _a364 S.: Abb.
500 _a8. Jahrgang 1863, Heft 1-52; 9. Jahrgang 1864, Heft 1-52;
505 _tspäterer Titel: Deutsche Turner-Zeitung
653 _aTurnen
653 _aNationalverband
653 _aVerbandszeitung
942 _2z
_cZS
999 _c373303
_d373303